LEADER 02129oam 2200553M 450 001 9910715710103321 005 20191123063210.6 035 $a(CKB)5470000002514978 035 $a(OCoLC)1065798339 035 $a(OCoLC)995470000002514978 035 $a(EXLCZ)995470000002514978 100 $a20070221d1854 ua 0 101 0 $aeng 135 $aurcn||||||||| 181 $ctxt$2rdacontent 182 $cc$2rdamedia 183 $acr$2rdacarrier 200 10$aAppraisers' store. Letter from the Secretary of the Treasury, asking an appropriation for the erection of an appraisers' store in San Francisco, &c. July 10, 1854. -- Referred to the Committee of Ways and Means, and ordered to be printed 210 1$a[Washington, D.C.] :$c[publisher not identified],$d1854. 215 $a1 online resource (4 pages) 225 1 $aEx. doc. / 33rd Congress, 1st session. House ;$vno. 119 225 1 $a[United States congressional serial set ] ;$v[serial no. 727] 300 $aBatch processed record: Metadata reviewed, not verified. Some fields updated by batch processes. 300 $aFDLP item number not assigned. 606 $aBudget 606 $aBuilding 606 $aCustomhouses 606 $aCustoms appraisal 606 $aCustoms administration 606 $aPorts of entry 606 $aWarehouses 607 $aUnited States$xAppropriations and expenditures 608 $aLegislative materials.$2lcgft 615 0$aBudget. 615 0$aBuilding. 615 0$aCustomhouses. 615 0$aCustoms appraisal. 615 0$aCustoms administration. 615 0$aPorts of entry. 615 0$aWarehouses. 712 02$aUnited States.$bDepartment of the Treasury. 801 0$bWYU 801 1$bWYU 801 2$bOCLCO 801 2$bOCLCQ 906 $aBOOK 912 $a9910715710103321 996 $aAppraisers' store. Letter from the Secretary of the Treasury, asking an appropriation for the erection of an appraisers' store in San Francisco, &c. July 10, 1854. -- Referred to the Committee of Ways and Means, and ordered to be printed$93336202 997 $aUNINA